Petit Bac - Pokémons de la 1ère Génération - Statistiques

Statistiques générales
  • Ce quiz a été pris 219 fois
  • Le résultat moyen est 17 sur 19
Statistiques - réponses
Lettre Pokemon % Correct
C (9) Carapuce | Carabaffe | Chenipan | Chrysacier | Coconfort | Colossinge | Caninos | Chétiflor | Canarticho | Crustabri
98%
D (6) Dracaufeu | Dardargnan | Doduo | Dodrio | Draco | Dracolosse
98%
P (16) Papilusion | Piafabec | Pikachu | Paras | Parasect | Persian | Psykokwak | Ptitard | Ponyta | Poissirène | Poissoroy | Pyroli | Porygon | Ptéra
98%
S (12) Salamèche | Sabelette | Sablaireau | Spectrum | Soporifik | Smogo | Smogogo | Saquedeneu | Stari | Staross | Scarabrute | Sulfura
98%
M (17) Mélofée | Mélodelfe | Mystherbe | Mimitos | Miaouss | Machoc | Machopeur | Mackogneur | Magnéti | Magnéton | M.Mime | Magmar | Magicarpe | Métamorph | Minidraco | Mewtwo | Mew
97%
R (15) Reptincel | Roucool | Roucoups | Roucournage | Rattata | Rattatac | Rapasdepic | Raichu | Rondoudou | Rafflesia | Racaillou | Ramoloss | Rhinocorne | Rhinoféros | Ronflex
97%
T (10) Tortank | Taupiqueur | Triopikeur | Têtarte | Tartard | Tentacool | Tentacruel | Tadmorv | Tygnon | Tauros
97%
A (10) Aspicot | Abo | Arbok | Aéromite | Akwakwak | Arcanin | Abra | Alakazam | Aquali | Artikodin | Amonita | Amonistar
96%
B (2) Bulbizarre | Boustiflor
95%
F (5) Florizarre | Feunard | Férosinge | Flagadoss | Fantominus
95%
E (7) Empiflor | Ectoplasma | Électrode | Excelangue | Élektek | Évoli | Électhor
93%
L (5) Lamantine | Leveinard | Lippoutou | Léviator | Lokhlass
90%
G (6) Goupix | Grodoudou | Gravalanch | Grolem | Galopa | Grotadmorv
87%
O (5) Ortide | Otaria | Onix | Osselait | Ossatueur
87%
K (7) Kadabra | Krabby | Krabboss | Kicklee | Kangourex | Kabuto | Kabutops | Kokiyas
86%
N (9) Nidoran | Nidorina | Nidoqueen | Nidorino | Nidoking | Nosferapti | Nosferalto | Noeunoeuf | Noadkoko
86%
H (4) Herbizarre | Hypnomade | Hypotrempe | Hypocéan
81%
V (2) Voltorbe | Voltali
81%
I (1) Insécateur
64%
Aucun quiz correspondant
Distribution des résultats
% des personnes avec chaque résultat
Percentile par nombre de réponses
Votre historique - résultats
Vous n’avez pas pris ce quiz